Normal view
MARC view
- PAKISTAN ALMANAC 2001-2002.ESSENTIAL DATA ON PAKISTAN
Entry Topical Term
001 - CONTROL NUMBER
- control field: 59512
003 - CONTROL NUMBER IDENTIFIER
- control field: NUST
005 - DATE AND TIME OF LATEST TRANSACTION
- control field: 20210628202343.0
008 - FIXED-LENGTH DATA ELEMENTS
- fixed length control field: 210628|| aca||aabn | a|a d
040 ## - CATALOGING SOURCE
- Original cataloging agency: NUST
- Transcribing agency: NUST
150 ## - HEADING--TOPICAL TERM
- Topical term or geographic name entry element: PAKISTAN ALMANAC 2001-2002.ESSENTIAL DATA ON PAKISTAN
670 ## - SOURCE DATA FOUND
- Source citation: Work cat.: (NUST): K.M Shariff 59511, Pakistan almanac 2001-2002, essential data on pakistan, 2002
